000 00326nab a22001097u 4500
008 130520b2000 xxu||||| |||| 00| 0 spa d
041 _aspa
100 1 _aGómez Acebo, Isabel
_92735
245 0 0 _aLa danza de la creación
_cIsabel Gómez Acebo
773 0 _tConcilium
_gnº287,2000,págs. 67-76
_x0210-1041
_wRev134
942 _cAR
999 _c355856
_d355856